000 00490nam a22001937a 4500
003 MPLRDC
005 20220104143656.0
008 210129b ||||| |||| 00| 0 eng d
020 _a983-9093-54-1
082 _a309.8 YJH
100 _a叶嘉华
245 _a科学心灵连线游戏: 十个科学家的故事
_c
250 _a初版
260 _a
_b文桥传播中心
_c1999
300 _b
490 _a文桥丛书. 61
650 _a科学家总传
942 _cBK
_o309.8 YJH
999 _c42244
_d42234